Identifikácia poškodených skladových štítkov

Uložené v:
Podrobná bibliografia
Hlavný autor: Buzay, Viktor (Autor)
Ďalší autori: Štec, Filip (Vedúci práce)
Médium: Rukopis Kniha
Jazyk:Slovak
Vydavateľské údaje: Bratislava : STU v Bratislave FEI, 2023
Predmet:
On-line prístup:https://opac.crzp.sk/?fn=detailBiblioFormChildO4N9E&sid=925BFB95FAA30F229C9BCB019F0C&seo=CRZP-detail-kniha
Tagy: Pridať tag
Žiadne tagy, Buďte prvý, kto otaguje tento záznam!

MARC

LEADER 00000ntm a22000003a 4500
001 stuzp91955
003 SK-STU
005 20241120122130.2
007 ta
008 150427s2015----xo-----f-mn---000-0-slo-d
040 |a STU  |b slo 
041 0 |a slo 
044 |a xo 
100 1 |a Buzay, Viktor  |u 031000  |4 aut  |U FEI Fakulta elektrotechniky a informatiky  |T FEI Ústav robotiky a kybernetiky  |X 111100  |U E011  |Y 356  |7 111100 
242 0 1 |a Identification of Damaged Warehouse Tags  |y eng 
245 1 0 |a Identifikácia poškodených skladových štítkov 
260 |a Bratislava :  |b STU v Bratislave FEI,  |c 2023 
300 |a 39 s. 
650 4 |a Neurónová sieť  |2 slo 
650 4 |a Dron  |2 slo 
650 4 |a Štítok  |2 slo 
650 4 |a Klasifikácia  |2 slo 
650 4 |a Tags  |2 eng 
650 4 |a Neural network  |2 eng 
650 4 |a Drone  |2 eng 
650 4 |a Classification  |2 eng 
700 1 |a Štec, Filip  |u 031000  |k Z3  |4 ths  |U FEI Fakulta elektrotechniky a informatiky  |T FEI Ústav robotiky a kybernetiky  |X 72520  |U E011  |Y 356  |7 72520 
856 4 |u https://opac.crzp.sk/?fn=detailBiblioFormChildO4N9E&sid=925BFB95FAA30F229C9BCB019F0C&seo=CRZP-detail-kniha